00445nam a2200193Ia 4500008004100000020001800041050001400059100001900073245002400092245001300116245002200129260001500151260001600166260000900182300001500191300002700206300001000233500000800243170918s9999 xx 000 0 und d a9780516245874 bT473 2000 aThompson, Luke aNatural disasters : bfloods / cby Luke Thompson. aNew York : bScholastic, c2000 a48 pages : bcolored illustration ; c21cm. a820